GÜNDÜZSEFASI (Kayıt no. 808779)

MARC ayrıntıları
000 -LEADER
sabit uzunluktaki kontrol alanı 00234nam a2200097Ia 4500
001 - KONTROL NUMARASI
kontrol alanı 808779
005 - EN SON İŞLEMİN TARİH VE ZAMANI
kontrol alanı 20250826171256.0
008 - SABİT-UZUNLUKTA VERİ ÖĞELERİ--GENEL BİLGİ
sabit uzunluktaki kontrol alanı 250824s9999 xx 000 0 und d
245 #0 - ESER / YAZAR
ESER ADI GÜNDÜZSEFASI
Yazar Adı SARAH JIO
260 ## - YAYIN, DAĞITIM, VB.
YAYIN EVİ ARKADYA YAYINLARI
Mevcut
Düşüm durumu Kayıp durumu Sınıflandırma Kaynağı veya raf şeması Hasar Durumu Ödünç verilmez Ana kütüphane Geçerli Kütüphane Edinilen tarih Toplam ödünç verme sayısı Tam yer numarası Barkod Son görüntüleme tarihi Fiyatın geçerli olmaya başladığı tarih Koha materyal türü
    Dewey Ondalık Sınıflama     SELÇUKLU BELEDİYESİ ORTAOKULU SELÇUKLU BELEDİYESİ ORTAOKULU 24.08.2025   L2 (SARAH JIO) 10583219 26.08.2025 26.08.2025 Kitaplar
Gemini Bilgi Teknolojileri A.Ş. tarafından düzenlenmiştir.